THE POSITIVE AND NEGATIVE SHEAR IN ZINC AND IN AN ALUMINIUM ALLOY

Bibliographic Details
Main Author: Sobotka, Zdeněk (Author)
Format: Article
Language:English

MARC

LEADER 00000nab a2200000uu 4500
001 vtls010895989
003 SK-MaSNL
005 20260303141727.0
008 230222|1977 xo |||||||||||||||||eng|
015 |a SNBRB 
035 |a (urnnbn)urn:nbn:sk:snk:ar-006jzl 
035 |a (uuid)a3e1ce03-2ce2-4ac0-8aad-0e88bf60dfaa 
035 |a urn:nbn:sk:snk-ab8or2 
040 |a SNKBUCL  |b slo  |c SNKBUCL  |e AACR2 
041 0 |a eng 
044 |a xo  |c SK 
100 1 |a Sobotka, Zdeněk  |4 aut  |9 367680 
245 1 0 |a THE POSITIVE AND NEGATIVE SHEAR IN ZINC AND IN AN ALUMINIUM ALLOY  |c Zdeněk Sobotka 
773 0 |t Stavebnícky časopis : mesačník pre teoretické problémy stavebných látok a konštrukcií  |g Roč. 25, č. 11 (1977), s. 872-876 
958 |a OND 
958 |a EUIPO 
958 |a article10 
999 |c 1978239  |d 1980169